000 00898nam a2200229 a 4500
001 000043269
005 20201002040757.0
008 140303s2007 sp 000 0 spa d
020 _a9788483470497
040 _aDO-SdBNP
_bspa
_cBNPHU
082 _axxx
_bP842a
100 1 _aPortal, Marta
_d1930-2016
_970885
245 1 3 _aEl Águila y el Ave Fénix :
_bescritores británicos en México /
_cMarta Portal.
260 _aMadrid :
_bAgencia Española de Cooperación Internacional,
_bMinisterio de Asuntos Exteriores y de Cooperación,
_c2007.
300 _a299 p. ;
_c24 cm.
490 1 _aCiencias y humanismo ;
504 _aIncluye referencias bibliográficas y notas al pie de las páginas
500 _aIncluye datos biográficos de la autora en al solapa de la cubierta
504 _aBibliografía : p. 296-299
590 _aInventariado, 2019/ YL
830 0 _aCiencias y humanismo
_970218
999 _c42758
_d42758